| 000 | 00460cam a2200193ua 4500 | ||
|---|---|---|---|
| 001 | 5282 | ||
| 005 | 20260515113846.0 | ||
| 008 | 120808n enk |||gr||||Z||||||eng | ||
| 020 | _a571-08983-6 | ||
| 040 | _cMAIN | ||
| 082 | _a821 | ||
| 100 |
_aEliot, T. S., _eAuthor, |
||
| 245 | 1 | 1 |
_aOn poetry and poets _cby T. S. Eliot |
| 250 | _a1st. | ||
| 260 |
_aLondon: _bFaber and faber limited. |
||
| 300 |
_a262p: _c23cm. |
||
| 653 | _aEnglish poetry | ||
| 942 | _cBK | ||
| 999 |
_c4460 _d4460 |
||